00810nam a22002297a 450000500170000001000150001702000260003203500130005803700130007108200100008410000260009424501060012026000480022627000550027430000270032950000500035670000100040670000100041694200240042699900170045095201130046720100819113936.0 aENG-101333 a9788185867922c150.00 aEN-84866 bDBAD/PUB a622.1 aRaju, R. Dhana917202 aHandbook of minral exploration and ore petrology :bteachniques and applications /cby R. Dhana Raju  aBanglorebGeological Society of Indiac2009 aPB.1922, Gavipuram P.O. BanglorebBangloree560019 ax, 494 p. b24cm (Pbk) aIncludes bibliographical references and index 915115 915135 2ddccENh622.1mRAJ c42973d42973 001040718NFICaDBADbDBADd2010-08-23g150.00l0o622.1 RAJpEN-84866r2010-08-23 00:00:00t1v150.00yEN